000 01325cam a2200397 a 4500
001 112837
005 20230410103915.0
008 110107s2011 ncua b 001 0 eng c
035 _a16604802
925 0 _aAcquire
_b2 shelf copies
_xpolicy default
942 _2lcc
_cbk
010 _a 2010054505
020 _a9780822349679 (cloth : alk. paper)
020 _a9780822349822 (pbk. : alk. paper)
040 _aNcD/DLC
_cDLC
042 _apcc
043 _aa-ce---
050 1 4 _a433 DS 489.5
_bS774 2011
082 0 0 _a954.93
245 0 4 _aThe Sri Lanka reader :
_bhistory, culture, politics /
_cJohn Clifford Holt, ed.
260 _aDurham [NC] :
_bDuke University Press,
_c2011.
300 _axvi, 772 p. :
_bill. (some col.) ;
_c25 cm.
490 1 _aThe world readers
504 _aIncludes bibliographical references (p. [745]-750) and index.
505 0 _aFrom ancient to early modern -- The colonial encounter -- Emerging identities.
651 0 _aSri Lanka
_xHistory.
651 0 _aSri Lanka
_xCivilization.
651 0 _aSri Lanka
_xPolitics and government.
651 4 _aSri Lanka
_xHistoria.
651 4 _aSri Lanka
_xCivilización.
651 4 _aSri Lanka
_xPolítica y gobierno.
700 1 _aHolt, John,
_d1948-
830 0 _aWorld readers.
985 _aNcDCIP
_d2011-01-08
946 _aYSL
999 _c28181
_d28181